| 000 | 00635nam a22002057a 4500 | ||
|---|---|---|---|
| 999 |
_c186217 _d186217 |
||
| 005 | 20220217112753.0 | ||
| 010 | _aENG-131648 | ||
| 020 |
_a9789388096393 _c499.00 |
||
| 035 | _aEN-115180 | ||
| 037 | _bDBAD | ||
| 082 | _a660 | ||
| 100 | _aPrasad, A. Aditya | ||
| 245 |
_aEngineering Chemistry/ _cA. Aditya Prasad et.al. |
||
| 260 |
_aHyderabad _bSpectrum Publishing House _c2020 |
||
| 270 |
_a# 326/C, III Floor, Surneni Nilayam Near B K Guda Park, S R Nagar _bHyderabad _e500038 |
||
| 300 |
_axvi, 296p. _c24cm(pbk) |
||
| 700 | _aHemambika, S. | ||
| 700 | _aRao, N. Pandu Ranga | ||
| 942 |
_2ddc _cEN _h660 _mPRA |
||